Problémy ekonomickej a sociálnej integrácie žien - imigrantiek v EÚ bakalárska práca

Uložené v:
Podrobná bibliografia
Hlavný autor: Szabová, Kristína
Korporativný autor: Fakulta medzinárodných vzťahov EU. Katedra medzinárodných politických vzťahov
Ďalší autori: Barátová, Jana
Médium: Kniha
Jazyk:Slovak
Vydavateľské údaje: Bratislava 2011
Tagy: Pridať tag
Žiadne tagy, Buďte prvý, kto otaguje tento záznam!

MARC

LEADER 00000nbm a2200000 4500
001 0131197
005 20161109111414.4
041 0 |a slo 
044 |a SK 
245 1 0 |a Problémy ekonomickej a sociálnej integrácie žien - imigrantiek v EÚ  |b bakalárska práca  |c Kristína Szabová ; školiteľ:Jana Barátová 
264 1 |a Bratislava  |c 2011 
300 |a 57 s. 
100 1 |a Szabová, Kristína 
700 1 |a Barátová, Jana 
710 2 |a Fakulta medzinárodných vzťahov EU. Katedra medzinárodných politických vzťahov